000
00310nam a2200133Ia 4500
008
240624s9999 xx 000 0 und d
041
_a
eng
082
_a
823 CHE
100
_a
CHESTERTON G K
245
_a
COMPLETE FATHER BROWN
260
_c
1999
_a
Calcutta
_b
Projapoti
300
_a
718p. ; 22cm.
365
_c
RS
999
_c
3973
_d
3973